Loading...
| Beliefs | 13 | 13.85 | 39% | 54% | 46% |
| Fine Arts - Classical Music and Opera | 6 | 13.33 | 50% | 33% | 50% |
| Fine Arts - Other | 9 | 16.67 | 44% | 89% | 33% |
| Fine Arts - Visual | 5 | 10.00 | 0% | 80% | 20% |
| Geography | 2 | 10.00 | 100% | 0% | 0% |
| History - European | 8 | 15.00 | 50% | 25% | 75% |
| History - Other | 9 | 17.78 | 56% | 56% | 67% |
| History - US | 4 | 17.50 | 75% | 50% | 50% |
| History - World | 8 | 17.50 | 13% | 100% | 63% |
| Literature - American | 8 | 16.25 | 38% | 63% | 63% |
| Literature - British | 8 | 15.00 | 38% | 50% | 63% |
| Literature - European | 5 | 18.00 | 80% | 60% | 40% |
| Literature - World | 6 | 16.67 | 67% | 50% | 50% |
| Modern World | 5 | 12.00 | 20% | 0% | 100% |
| Other Academic | 2 | 25.00 | 100% | 100% | 50% |
| Philosophy | 6 | 18.33 | 67% | 50% | 67% |
| Science - Biology | 5 | 14.00 | 40% | 80% | 20% |
| Science - Chemistry | 8 | 13.75 | 63% | 13% | 63% |
| Science - Other | 7 | 18.57 | 71% | 71% | 43% |
| Science - Physics | 3 | 13.33 | 33% | 67% | 33% |
| Social Science | 6 | 16.67 | 67% | 33% | 67% |